|
|
|
|
| LEADER |
01061nam a2200193 a 4500 |
| 008 |
090517s1978 bg a 100 0 eng d |
| 082 |
0 |
0 |
|a 630.92
|2 18
|
| 111 |
2 |
|
|a Proceedings of the Workshop Held at Comilla.
|
| 245 |
1 |
0 |
|a Small Farmers and Landless Labourers Development Project :
|b proceedings of the workshop held at Comilla,May,1978\
|c Fazlul Bari, Zahirul Alam and Zainul Abedin
|
| 260 |
|
|
|a Comilla,BAN. :
|b Bangladesh Academy for Rural Development.
|c 1978
|
| 300 |
|
|
|a 73 p. : ill. ; 24 cm.
|
| 500 |
|
|
|a Includes indexes.
|
| 541 |
1 |
|
|e 00002697
|
| 650 |
0 |
|
|a Farmers
|
| 710 |
2 |
|
|a Bangladesh Academy for Rural Development.
|c Bangladesh
|
| 852 |
4 |
|
|a Ayesha Abed Library
|j Generalshelf
|
| 999 |
|
|
|c 750
|d 750
|
| 952 |
|
|
|0 0
|1 4
|2 ddc
|4 0
|6 630_920000000000000_BAR
|7 0
|9 692
|a BRACUL
|b BRACUL
|c GEN
|d 2009-05-17
|g 25.00
|l 0
|o 630.92 BAR
|p 3010002698
|r 2009-05-17
|t 1
|w 2009-05-17
|y BK
|x Koha Inventory 2020
|
| 952 |
|
|
|0 0
|1 0
|2 ddc
|4 0
|6 630_920000000000000_BAR_1981
|7 0
|9 11004
|a BRACUL
|b BRACUL
|c GEN
|d 2010-06-15
|g 0.00
|l 0
|o 630.92 BAR
|p 3010002697
|r 2010-06-15
|t 1
|w 2010-06-15
|y BK
|z Not price in Register
|